Gynaecology by ten teachers / (Record no. 43840)
[ view plain ]
| 001 - CONTROL NUMBER | |
|---|---|
| control field | 19465999 |
| 003 - CONTROL NUMBER IDENTIFIER | |
| control field | 0000 |
| 005 - DATE AND TIME OF LATEST TRANSACTION | |
| control field | 20251016134743.0 |
| 008 - FIXED-LENGTH DATA ELEMENTS--GENERAL INFORMATION | |
| fixed length control field | 170123s2017 flu 000 0 eng |
| 010 ## - LIBRARY OF CONGRESS CONTROL NUMBER | |
| LC control number | 2017002659 |
| 020 ## - INTERNATIONAL STANDARD BOOK NUMBER | |
| International Standard Book Number | 9781032110035 |
| 020 ## - INTERNATIONAL STANDARD BOOK NUMBER | |
| Cancelled/invalid ISBN | 978315382180 (set : e-book) |
| 035 ## - SYSTEM CONTROL NUMBER | |
| System control number | 19465999 |
| 035 ## - SYSTEM CONTROL NUMBER | |
| System control number | (DNLM)101698992 |
| 040 ## - CATALOGING SOURCE | |
| Original cataloging agency | DNLM/DLC |
| Transcribing agency | DLC |
| Description conventions | rda |
| 042 ## - AUTHENTICATION CODE | |
| Authentication code | pcc |
| 050 00 - LIBRARY OF CONGRESS CALL NUMBER | |
| Classification number | RG123 |
| 060 10 - NATIONAL LIBRARY OF MEDICINE CALL NUMBER | |
| Classification number | WP 140 |
| 082 00 - DEWEY DECIMAL CLASSIFICATION NUMBER | |
| Classification number | 618.1 |
| Edition number | 23 |
| 100 ## - MAIN ENTRY--PERSONAL NAME | |
| Relator code | Editor |
| Personal name | Crosbie, Emma J |
| 245 00 - TITLE STATEMENT | |
| Title | Gynaecology by ten teachers / |
| Statement of responsibility, etc | [edited by] Louise Kenny and Helen Bickerstaff. |
| 250 ## - EDITION STATEMENT | |
| Edition statement | 21st edition. |
| 263 ## - PROJECTED PUBLICATION DATE | |
| Projected publication date | 1703 |
| 264 #1 - PUBLICATION, DISTRIBUTION, ETC. (IMPRINT) | |
| Place of publication, distribution, etc | Boca Raton : |
| Name of publisher, distributor, etc | CRC Press/Taylor & Francis Group, |
| Date of publication, distribution, etc | [2017] |
| 300 ## - PHYSICAL DESCRIPTION | |
| Extent | xv, 274 pages |
| Dimensions | cm. |
| 336 ## - CONTENT TYPE | |
| Content type term | text |
| Source | rdacontent |
| 337 ## - MEDIA TYPE | |
| Media type term | unmediated |
| Source | rdamedia |
| 338 ## - CARRIER TYPE | |
| Carrier type term | volume |
| Source | rdacarrier |
| 500 ## - GENERAL NOTE | |
| General note | Including Index |
| 504 ## - BIBLIOGRAPHY, ETC. NOTE | |
| Bibliography, etc | Including Index |
| 505 0# - FORMATTED CONTENTS NOTE | |
| Formatted contents note | The development and anatomy of the female sexual organs and pelvis -- Gynaecological history, examination and investigations -- Hormonal control of the menstrual cycle and hormonal disorders -- Disorders of menstrual bleeding -- Implantation and early pregnancy -- Contraception -- Sub-fertility -- The menopause and post reproductive health -- Genitourinary problems -- Urogynaecology and pelvic floor problems -- Benign conditions of the ovary and pelvis -- Benign conditions of the uterus, cervix and endometrium -- Benign conditions of the vulva and vagina and psychosexual disorders -- Malignant disease of the ovary -- Malignant disease of the uterus -- Premalignant and malignant disease of the lower genital tract -- Surgery and therapeutics in gyanaecology. |
| 650 12 - SUBJECT ADDED ENTRY--TOPICAL TERM | |
| Topical term or geographic name as entry element | Genital Diseases, Female |
| 700 1# - ADDED ENTRY--PERSONAL NAME | |
| Personal name | Kenny, Louise C. |
| Fuller form of name | (Louise Clare), |
| Relator term | editor. |
| 700 1# - ADDED ENTRY--PERSONAL NAME | |
| Personal name | Bickerstaff, Helen, |
| Relator term | editor. |
| 906 ## - LOCAL DATA ELEMENT F, LDF (RLIN) | |
| a | 7 |
| b | cbc |
| c | orignew |
| d | 1 |
| e | ecip |
| f | 20 |
| g | y-gencatlg |
| 942 ## - ADDED ENTRY ELEMENTS (KOHA) | |
| Source of classification or shelving scheme | Library of Congress Classification |
| Koha item type | Books |
| Withdrawn status | Lost status | Source of classification or shelving scheme | Damaged status | Not for loan | Permanent Location | Current Location | Date acquired | Total Checkouts | Full call number | Barcode | Date last seen | Price effective from | Koha item type |
|---|---|---|---|---|---|---|---|---|---|---|---|---|---|
| Library of Congress Classification | NILE UNIVERSITY OF NIGERIA - MAIN LIBRARY | NILE UNIVERSITY OF NIGERIA - MAIN LIBRARY | 10/16/2025 | RG 123 G96 2024 | 0199226 | 10/16/2025 | 10/16/2025 | Books | |||||
| Library of Congress Classification | NILE UNIVERSITY OF NIGERIA - MAIN LIBRARY | NILE UNIVERSITY OF NIGERIA - MAIN LIBRARY | 10/16/2025 | RG 123 G96 2024 | 0199227 | 10/16/2025 | 10/16/2025 | Books |